Brainrot Quiz - Statistics

General Stats
  • This quiz has been taken 1,290 times
  • The average score is 7 of 8
Answer Stats
Hint Answer % Correct
A form of oral posture training purported to improve jaw and facial structure. Mewing
99%
A YouTube series about an army of toilets who try to take over the world. Skibidi toilet
97%
Style, charm, or attractiveness. Rizz
96%
A large butt Gyatt
95%
The most skibidi state Ohio
94%
The theft of food between friends. Fanum tax
90%
Someone with both immense rizz and a long mewing streak. Sigma
83%
Keeping your ____ streak Edging
73%
No matching quizzes found
Score Distribution
Percent of People with Each Score
Percentile by Number Answered
Your Score History
You have not taken this quiz